000 00716nam a2200265Ia 4500
003 OSt
005 20221006144246.0
006 a|||||r|||| 00| 0
007 ta
008 221006b |||||||| |||| 00| 0 eng d
020 _c35.00
024 _a11,270
037 _cTextual
040 _aEASL
_cEASL
_beng
041 _2eng
_aeng
082 _aU.41, G4
100 _aCRESSEY George Babcock
_9320275
245 0 _aChina's geographic foundation
_b A survey of the land and its people
260 _aNew York
_bMcGraw-Hill Book Company
_c1934
300 _a436p.
_ccm.
490 _v CEL
650 _aCEL
942 _hU.41, G4
_cTEXL
_2CC
999 _c1079356
_d1079356